LEADER 02208nam0 22004933i 450 001 RAV0681581 005 20251003044329.0 010 $a8815077103 020 $aIT$b2001-9975 100 $a20000726d2000 ||||0itac50 ba 101 | $aita 102 $ait 181 1$6z01$ai $bxxxe 182 1$6z01$an 183 1$6z01$anc$2RDAcarrier 200 1 $aˆLa ‰riforma mancata$etradizione e innovazione nella Costituzione italiana$fEnzo Cheli 210 $aBologna$cIl mulino$d[2000] 215 $a136 p.$d21 cm. 225 | $aContemporanea$v116 410 0$1001CFI0006117$12001 $aContemporanea$v116 606 $aItalia$xOrdinamento istituzionale$xRiforma$2FIR$3CFIC004398$9I 606 $aItalia$xCostituzioni politiche$x1948$xRiforma$2FIR$3CFIC004399$9I 676 $a320.945$9SITUAZIONI E CONDIZIONI POLITICHE. Italia$v12 676 $a342.03$9$v21 676 $a342.45$9Diritto costituzionale e diritto amministrativo. Italia$v14 676 $a342.4502$9STRUMENTI FONDAMENTALI DELLO STATO. ITALIA$v20 676 $a342.4503$9STRUMENTI FONDAMENTALI DELLO STATO. REVISIONE ED EMENDAMENTO. Italia$v20 676 $a342.4503$9STRUMENTI FONDAMENTALI DELLO STATO. REVISIONE ED EMENDAMENTO. ITALIA$v21 686 $aIT/X421.0$cASSETTO ISTITUZIONALE QUESTIONI ISTITUZIONALI ITALIA$2R 686 $aIT/X421.2$cQUESTIONI COSTITUZIONALI ITALIA$2R 696 $aRiforma protestante$aOrdinamento politico 696 $aRiforma protestante 699 $aRiforma$yRiforma protestante 699 $aOrdinamento istituzionale$zOrdinamento politico 699 $aRiforma$yRiforma protestante 700 1$aCheli$b, Enzo$3RAVV000551$4070$0132962 801 3$aIT$bIT-000000$c20000726 850 $aIT-BN0095 901 $bNAP 01$cD $n$ 912 $aRAV0681581 950 0$aBiblioteca Centralizzata di Ateneo$d 01D (AR) 30 165$e 01AR 0700301655 VMA 1 v.$fY $h20130925$i20130925$c1 v. in due copie$d 01D (AR) 31 320$e 01AR 0700313205 VMA (bis 1 v. (2. copia)$fY $h20131009$i20131009 977 $a 01 996 $aRiforma mancata$966284 997 $aUNISANNIO